000
00218 a2200097 4500
001
21633
100
_a
Ahmed, K. S.
245
_a
A Geography of Pakistan
260
_a
_b
Oxford (Pakistan)
_c
1966
090
_c
15152
_d
15152
942
_a
NUST-CAE
_c
M
_c
5728
999
_c
256706
_d
256706